| 000 | 00000nas##2200000za#4500 |
| 001 | 9.503506 |
| 003 | CaOODSP |
| 005 | 20200325093348 |
| 007 | cr ||||||||||| |
| 008 | 150406c1999||||xxc|| p o||||f| |0fre|d |
| 022 | |a1493-6364 |
| 040 | |aCaOODSP|bfre |
| 043 | |an-cn--- |
| 086 | 1 |aT47-1F-PDF |
| 110 | 1 |aCanada.|bTransports Canada. |bCentre de development des transports. |
| 245 | 10|aRevue annuelle du CDT |h[ressource électronique] |
| 246 | 13|aCentre de développement des transport, revue annuelle |
| 260 | |aMontréal - Québec : |bTransports Canada. |
| 310 | |aAnnuel |
| 362 | 1 |a1999/2000--2005/2006 |
| 691 | 07|aRecherche et développement|2gcpds |
| 691 | 07|aTransport|2gcpds |
| 775 | 08|tTDC annual review |w(CaOODSP)9.507113 |